| 000 | 00390nam a2200157Ia 4500 | ||
|---|---|---|---|
| 008 | 230917s9999||||xx |||||||||||||| ||und|| | ||
| 040 |
_e123611 _aMAIN |
||
| 041 | _aEnglish | ||
| 082 | _a647.94 D639D | ||
| 100 | _aDittmer, Paul R | ||
| 245 | 0 | _aDimensions of the hospitality industry | |
| 250 | _a3rd ed. | ||
| 260 |
_aNew Jersey _bJohn Wiley _c2002 |
||
| 300 | _a476 p. | ||
| 942 | _cBK | ||
| 999 |
_c147482 _d147482 |
||